000 00701nam a2200229 u 4500
005 20210223131818.0
008 120906s2001 mx r 000 0 spa d
020 _a9700727661
035 _aUPN01000186467
049 _aCG
050 4 _aF3442
_bG3.2 2001
100 1 _aGarcía, Celso,
_cFray
245 1 0 _aDescubrimiento del Perú :
_brelatada a los niños /
_cpor Fray Celso García ; il. Albert.
250 _a2a ed.
260 _aMéxico :
_bPorrúa,
_cc2001.
300 _a127 p. :
_bil. col.
440 0 _aBiblioteca juvenil ;
_v34
600 1 4 _aPIZARRO, FRANCISCO,
_d1478-1541
_921227
651 4 _aPERU -
_xHISTORIA -
_yCONQUISTA, 1522-1548
_94130
905 _aLibro
999 _c158570
_d158570